El Perú construye : (Record no. 18763)

000 -CABECERA
fixed length control field 00968nam a22002177a 4500
003 - IDENTIFICADOR DEL NÚMERO DE CONTROL
control field AR-CdUCM
008 - DATOS DE LONGITUD FIJA--INFORMACIÓN GENERAL
fixed length control field 190318b ||||| |||| 00| 0 spa d
040 ## - FUENTE DE LA CATALOGACIÓN
Agencia/entidad que catalogó originalmente la obra MUNICIPALIDAD PROVINCIAL DEL CUSCO
Entidad que transcribió la catalogación BIBLIOTECA MUNICIPAL DEL CUSCO
082 ## - NÚMERO DE LA CLASIFICACIÓN DECIMAL DEWEY
No. de Clasificación 353.091 /
Notacion interna B35
100 ## - ENTRADA PRINCIPAL--NOMBRE DE PERSONA
Nombre Personal Belaunde Terry, Fernando
245 ## - MENCIÓN DE TÍTULO
Título El Perú construye :
Resto del título mensaje presentado al Congreso Nacional por el Arquitecto Fernando Belaunde Terry Presidente Constitucional de la República. Lima, 28 de julio de 1965 /
260 ## - PUBLICACIÓN, DISTRIBUCIÓN, ETC.
Lugar de publicación, distribución, etc. Lima:
Nombre de la editorial, distribuidor, etc. Minerva,
Fecha de publicación, distribución, etc. 1965.
300 ## - DESCRIPCIÓN FÍSICA
Nº de Páginas Extensión 794 páginas ;
Otros detalles físicos ilustraciones ;
Dimensiones 22 cm.
505 ## - NOTA DE CONTENIDO CON FORMATO
Nota de contenido formateada Contenido : Orden Jurídico, política interna y externa -- Promoción y desarrollo económica de la república -- Promoción social, cultural y sanitaria -- Defensa nacional.
650 ## - PUNTO DE ACCESO ADICIONAL DE MATERIA--TÉRMINO DE MATERIA
Descriptor Presidentes del Perú
9 (RLIN) 2236
650 ## - PUNTO DE ACCESO ADICIONAL DE MATERIA--TÉRMINO DE MATERIA
Descriptor Historia
9 (RLIN) 136
650 ## - PUNTO DE ACCESO ADICIONAL DE MATERIA--TÉRMINO DE MATERIA
Descriptor Documentos
9 (RLIN) 7186
650 ## - PUNTO DE ACCESO ADICIONAL DE MATERIA--TÉRMINO DE MATERIA
Descriptor Politica
9 (RLIN) 291
942 ## - ELEMENTOS DE PUNTO DE ACCESO ADICIONAL (KOHA)
Fuente de clasificación
Tipo de item Libros-BMC
945 ## - PROCESAMIENTO DE INFORMACIÓN LOCAL (OCLC)
Catalogador pjha
AAAA-MM-DD - Fecha de ingreso o modificacion 2019-05-17
Holdings
Estado de retiro (separado) Fuente de clasificación o esquema de estanterías Estado dañado Ubicación Sala donde se ubica Nombre de la colección Fecha de adquisición o compra Costo, precio normal en soles Signatura topográfica Código de Barras Última vez visto (Koha) Tipo de ítem (Koha)
No     Sala Humanidades Sala Humanidades Book Cart 2019-05-15 50.00 353.091 / B35 SH0000013707 2019-05-15 Libros-BMC
No     Sala Humanidades Sala Humanidades Book Cart 2019-05-17 50.00 353.091 / B35 / e.2 SH0000014521 2019-05-17 Libros-BMC

Powered by Koha